Normal view
MARC view
Entry Personal Name
001 - CONTROL NUMBER
- control field: 1236983
003 - CONTROL NUMBER IDENTIFIER
- control field: OSt
005 - DATE AND TIME OF LATEST TRANSACTION
- control field: 20260430150251.0
008 - FIXED-LENGTH DATA ELEMENTS
- fixed length control field: 260430|| aca||aabn | a|a d
040 ## - CATALOGING SOURCE
- Original cataloging agency: OSt
- Transcribing agency: OSt
100 ## - HEADING--PERSONAL NAME
- Personal name: University of Delhi. Faculty of Social Science. Department of Adult, Continuing Education & Extension
670 ## - SOURCE DATA FOUND
- Source citation: Work cat.: (OSt)1849373: Pramod Kumar Au.; Rajesh Gu. 1236982, From employment exchange to university information centre: A study of guidance and counselling for undergraduate student at Delhi university, 2018
